Online
Catalog

15 años de jurisprudencia sobre violencia hacia la mujer 1997-2012 / (Record no. 37344)

MARC details
000 -CABECERA
campo de control de longitud fija 00531nam a2200145 a 4500
001 - NÚMERO DE CONTROL
campo de control 000037854
005 - FECHA Y HORA DE LA ÚLTIMA TRANSACCIÓN
campo de control 20240314193807.0
008 - DATOS DE LONGITUD FIJA--INFORMACIÓN GENERAL
campo de control de longitud fija 130307s2012 dr 000 0 spa d
020 ## - NÚMERO INTERNACIONAL ESTÁNDAR DEL LIBRO
Número Internacional Estándar del Libro 9789945883244
040 ## - FUENTE DE LA CATALOGACIÓN
Centro catalogador/agencia de origen DO-SdBNP
Lengua de catalogación spa
Centro/agencia transcriptor BNPHU
100 1# - ENTRADA PRINCIPAL--NOMBRE DE PERSONA
Nombre de persona Moscoso Segarra, Alejandro A
Fechas asociadas al nombre 1964-
9 (RLIN) 62241
245 10 - MENCIÓN DE TÍTULO
Título 15 años de jurisprudencia sobre violencia hacia la mujer 1997-2012 /
Mención de responsabilidad, etc. Alejandro A. Moscoso Segarra, Suprema Corte de Justicia.
260 ## - PUBLICACIÓN, DISTRIBUCIÓN, ETC.
Lugar de publicación, distribución, etc. Santo Domingo :
Nombre del editor, distribuidor, etc. Suprema Corte de Justicia,
Fecha de publicación, distribución, etc. 2012.
300 ## - DESCRIPCIÓN FÍSICA
Extensión 286 p. : ;
Dimensiones 23 cm.
Holdings
Estado de retiro Estado de pérdida No para préstamo Código de colección Localización permanente Ubicación/localización actual Ubicación en estantería Fecha de adquisición Número de inventario Total de préstamos Signatura topográfica completa Código de barras Fecha visto por última vez Número de copia Precio válido a partir de Tipo de ítem Koha
      Dominicana de Servicio General General Orden iniciada 07.03.2013 LF1   37854-30 25.06.2020 e. 3 25.06.2020 Libro y Folleto Colección Dominicana de Servicio
      Patrimonio Dominicano Patrimonio Dominicano Patrimonio Dominicano Orden iniciada 07.03.2013 LF1   37854-10 25.06.2020   25.06.2020 Libro y Folleto Colección Patrimonio Dominicano
    Préstamo restrigido Patrimonio Dominicano Patrimonio Dominicano Patrimonio Dominicano Orden iniciada 07.03.2013 LF1   37854-20 25.06.2020 e. 2 25.06.2020 Libro y Folleto Colección Patrimonio Dominicano

Powered by Koha